000 00397nam a22001337a 4500
003 SGT
020 _a9779350761649
082 _a891.4309
_bS17T
100 _aतिवारी, सियाराम
245 _a सत्य कहौ लिखी कागर कोरे
260 _bपिलग्रिम्स पब्लिशिंग
_c2017
300 _a118
942 _2ddc
_cBK
999 _c29834
_d29834